000 00966nam a2200265Ia 4500
003 OSt
005 20221005113540.0
006 a|||||r|||| 00| 0
007 ta
008 221004b |||||||| |||| 00| 0 pan d
020 _a9789388915236 (hbk)
_cINR 400.00
024 _a65714
037 _bSP/5356, 25/02/2020, Star Publications Pvt. Ltd.
_cTextual
040 _aCRL
_cCRL
_bpan
041 _2pan
_apan
082 _aO153,1N48x, Q9
100 _aਬਾਬਾ ਨਜਮੀ, ਂਚ.
245 0 _aਮੈ੍ਵ ਇਕਬਾਲ ਪੰਜਾਬੀ ਦਾ
260 _aਲੁਧਿਆਨਾ
_bਚੇਤਨਾ ਪ੍ਰਕਾFਨ ਭਾਰਤ
_c2019
300 _a278ਪ੍ਰ0
_ccm.
650 _a ਪੰਜਾਬੀ ਕਾਵਿ
650 _aਪੰਜਾਬੀ ਸਾਹਿਤ
942 _hO153,1N48x, Q9
_cTEXL
_2cc
999 _c1028555
_d1028555